LIBRARY & INFORMATION CENTRE, KCAET, TAVANUR

ONLINE PUBLIC ACCESS CATALOGUE (OPAC)

Seminar on innovation in distribution and revenue management 18-19 March-1999,Jaipur / (Record no. 6322)

MARC details
000 -LEADER
fixed length control field 00478cam a2200157ua 4500
041 ## - LANGUAGE CODE
Language code of text/sound track or separate title eng
082 ## - DEWEY DECIMAL CLASSIFICATION NUMBER
Classification number 028.74621
Item number VAR/SE
100 ## - MAIN ENTRY--AUTHOR NAME
Personal name Varma, C.V.J.
245 ## - TITLE STATEMENT
Title Seminar on innovation in distribution and revenue management 18-19 March-1999,Jaipur /
260 ## - PUBLICATION, DISTRIBUTION, ETC. (IMPRINT)
Place of publication New Delhi :
Name of publisher Central Board of Irrigation and Power (CBIP) ,
Year of publication 1999.
300 ## - PHYSICAL DESCRIPTION
Number of Pages 173 ; .
700 1# - ADDED ENTRY--PERSONAL NAME
Personal name Lal, P K .
942 ## - ADDED ENTRY ELEMENTS (KOHA)
Koha item type Books
Holdings
Withdrawn status Lost status Damaged status Home library Current library Date acquired Full call number Accession Number Koha item type
      KAUAET   07/04/2012 028.74621 20254 Books
free website counter